Statistics for NBA Draft lottery odds

Click here to take the quiz!

General Stats

  • This quiz has been taken 22 times
  • The average score is 10 of 14

Answer Stats

OddsTeam% Correct
25.0Celtics
94%
19.9Suns
94%
11.976ers
88%
15.6Lakers
88%
5.3Knicks
81%
2.8Kings
69%
8.8Magic
69%
.5Heat
63%
.8Hornets
56%
.7Pistons
56%
5.3Timberwolves
56%
.6Nuggets
50%
1.1Pelicans
50%
1.7Mavericks
44%

Score Distribution

Percentile by Number Answered

Percent of People with Each Score

Your Score History

You have not taken this quiz